Theory of international economic policy. V 2. Trade and welfare (Record no. 23496)
[ view plain ]
| 000 -LEADER | |
|---|---|
| fixed length control field | 00311nam a2200109Ia 4500 |
| 082 ## - DEWEY DECIMAL CLASSIFICATION NUMBER | |
| Classification number | 339.9 |
| Item number | MEA.2 |
| 100 ## - MAIN ENTRY--AUTHOR NAME | |
| Personal name | MEADE, J E |
| 245 #0 - TITLE STATEMENT | |
| Title | Theory of international economic policy. V 2. Trade and welfare |
| 260 ## - PUBLICATION, DISTRIBUTION, ETC. (IMPRINT) | |
| Place of publication | London |
| Name of publisher | Oxford University Press |
| 942 ## - ADDED ENTRY ELEMENTS (KOHA) | |
| Koha item type | Books |
| Withdrawn status | Lost status | Damaged status | Not for loan | Home library | Current library | Date acquired | Full call number | Accession Number | Koha item type |
|---|---|---|---|---|---|---|---|---|---|
| RRII Library | RRII Library | 16/12/2021 | 339.9 MEA.2 | 04194 | Books |